Trade blocs? The future of regional integration (Record no. 36628)

MARC details
000 -LEADER
fixed length control field 00412nam a2200157Ia 4500
020 ## - INTERNATIONAL STANDARD BOOK NUMBER
ISBN 0- 905031- 81- 4
050 ## - CALL MARK
Classification number HF 1418.7 .C
100 ## - STATEMENT OF RESPONSIBILITY--MAIN AUTHOR NAME
Personal name Vincent Cable
245 #0 - TITLE STATEMENT
Title Trade blocs? The future of regional integration
260 ## - PUBLICATION, DISTRIBUTION, ETC. (IMPRINT)
Name of publisher Royal institute of international affairs
260 ## - PUBLICATION, DISTRIBUTION, ETC. (IMPRINT)
Year of publication 1994
300 ## - PHYSICAL DESCRIPTION
Number of Pages 198 p
942 ## - ADDED ENTRY ELEMENTS (KOHA)
Koha item type Books
Holdings
Withdrawn status Lost status Source of classification or shelving scheme Damaged status Not for loan Permanent Location Current Location Date acquired Accession Number Price effective from Koha item type
    Library of Congress Classification     NILE UNIVERSITY OF NIGERIA - MAIN LIBRARY NILE UNIVERSITY OF NIGERIA - MAIN LIBRARY 04/23/2025 0003991 04/23/2025 Books